| 000 -LEADER |
| fixed length control field |
00818nam a2200265Ia 4500 |
| 001 - CONTROL NUMBER |
| control field |
21467 |
| 003 - CONTROL NUMBER IDENTIFIER |
| control field |
GE_BSU |
| 008 - FIXED-LENGTH DATA ELEMENTS--GENERAL INFORMATION |
| fixed length control field |
181216s||||||||xx |||||||||||||| ||und|| |
| 020 ## - INTERNATIONAL STANDARD BOOK NUMBER |
| International Standard Book Number |
9781292039503 |
| 040 ## - CATALOGING SOURCE |
| Transcribing agency |
GE_BSU |
| 080 ## - UNIVERSAL DECIMAL CLASSIFICATION NUMBER |
| Universal Decimal Classification number |
338.48 |
| 100 ## - MAIN ENTRY--PERSONAL NAME |
| Personal name |
Cook, Roy A. Hsu, Cathy J. Marqua, Joseph J. |
| 245 ## - TITLE STATEMENT |
| Title |
Tourism: Pearson New International Edition: The Business of Hospitality and Travel |
| 250 ## - EDITION STATEMENT |
| Edition statement |
Fifth edition |
| 260 ## - PUBLICATION, DISTRIBUTION, ETC. |
| Place of publication, distribution, etc. |
Harlow |
| 260 ## - PUBLICATION, DISTRIBUTION, ETC. |
| Name of publisher, distributor, etc. |
Pearson |
| 260 ## - PUBLICATION, DISTRIBUTION, ETC. |
| Date of publication, distribution, etc. |
2014 |
| 300 ## - PHYSICAL DESCRIPTION |
| Extent |
374p. 28cm. |
| 300 ## - PHYSICAL DESCRIPTION |
| Accompanying material |
Bibl.:p. 363., Index.: p. 365-374 |
| 653 ## - INDEX TERM--UNCONTROLLED |
| Uncontrolled term |
Tourism: Pearson New International Edition: The Business of Hospitality and Travel |
| 653 ## - INDEX TERM--UNCONTROLLED |
| Uncontrolled term |
Экономика, Туризм |
| 653 ## - INDEX TERM--UNCONTROLLED |
| Uncontrolled term |
ეკონომიკა, ტურიზმი |
| 942 ## - ADDED ENTRY ELEMENTS (KOHA) |
| Koha item type |
წიგნი |